Metody izučenija vnešnego gravitacionnogo poľa i figury zemli /
Uložené v:
| Hlavní autori: | , , |
|---|---|
| Médium: | Kniha |
| Jazyk: | Russian |
| Vydané: |
Moskva :
Geodezizdat,
1960.
|
| Vydanie: | 1. izd. |
| Edícia: | Trudy Centraľnogo naučno-issledovateľskogo instituta geodezii, aero. i kartografii
vyp. 131 |
| ISBN: |
(viaz.) |
| Fyzický popis: |
251 s. |
| Tagy: |
Pridať tag
Žiadne tagy, Buďte prvý kto otaguje tento záznam!
|
Titul je dostupný aj v ... 

MARC
| LEADER | 00000nam a2200000 a 4500 | ||
|---|---|---|---|
| 001 | 000217708 | ||
| 005 | 20100719202755.0 | ||
| 008 | 040101s1960 ru e 000 0 rus d | ||
| 020 | |a (viaz.) |c Kčs 12,20 | ||
| 040 | |a SVKKK |b slo |c SVKKK |e AACR2 | ||
| 041 | 0 | |a rus | |
| 044 | |a ru |c RU | ||
| 100 | 1 | |a Molodenskij, Michail Sergejevič |4 aut | |
| 245 | 1 | 0 | |a Metody izučenija vnešnego gravitacionnogo poľa i figury zemli / |c M. S. Molodenskij, V. F. Jermejev, M. I. Jurkina. |
| 250 | |a 1. izd. | ||
| 260 | |a Moskva : |b Geodezizdat, |c 1960. | ||
| 300 | |a 251 s. | ||
| 490 | 1 | |a Trudy Centraľnogo naučno-issledovateľskogo instituta geodezii, aero. i kartografii |v vyp. 131 | |
| 700 | 1 | |a Jermejev, V. F. |4 aut | |
| 700 | 1 | |a Jurkina, M. I. |4 aut | |
| 830 | 0 | |a Trudy Centraľnogo naučno-issledovateľskogo instituta geodezii, aero. i kartografii |v vyp. 131 | |
| 910 | |a svkkk | ||
| 998 | |a BK | ||
| 090 | |g SCKHL |k Sklad Pribinova 1. posch. |a IV.24267 |j 267216 |i 217708-10 |s Prezenčne | ||